Land vs. Land #145 - Statistiken

Allgemein
  • Dieses Quiz wurde 16 mal gespielt
  • Das Durchschnittsergebnis liegt bei 13 aus 14
Antwortstatistiken
Frage Antwort % Korrekt
...Fläche? Belgien🇧🇪
100%
...Einwohner? Belgien🇧🇪
100%
...Bruttoinlandsprodukt? Belgien🇧🇪
100%
...Militär? Belgien🇧🇪
100%
...Tourismus? Belgien🇧🇪
100%
...Gesundheitswesen? Belgien🇧🇪
100%
...Exportmengen? Belgien🇧🇪
100%
...Gewinner? Belgien🇧🇪
100%
...Bruttoinlandsprodukt pro Kopf? Belgien🇧🇪
93%
...HDI (Human Development Index)? Belgien🇧🇪
93%
...durchschnittlicher IQ? Belgien🇧🇪
93%
...Lebenserwartung? Belgien🇧🇪
87%
...Frieden? Belgien🇧🇪
60%
...Happy Planet Index? St. Vincent🇻🇨
40%
Keine übereinstimmenden Quizze gefunden
Verteilung der Resultate
Anzahl Personen mit jedem Resultat
Perzentil nach korrekt beantworteten Fragen
Ihre Resultats-Entwicklung
Sie haben dieses Quiz noch nicht gespielt